Textbook of Critical Care Nutrition (Record no. 1222554)

MARC details
000 -LEADER
fixed length control field 00349nam a2200145Ia 4500
008 - FIXED-LENGTH DATA ELEMENTS--GENERAL INFORMATION
fixed length control field 260624s2024 xx 000 0 und d
020 ## - INTERNATIONAL STANDARD BOOK NUMBER
International Standard Book Number 9789356963153
041 ## - LANGUAGE CODE
Language code of text/sound track or separate title eng
082 ## - DEWEY DECIMAL CLASSIFICATION NUMBER
Classification number 616.028
100 ## - MAIN ENTRY--PERSONAL NAME
Personal name Subhal B
245 ## - TITLE STATEMENT
Title Textbook of Critical Care Nutrition
250 ## - EDITION STATEMENT
Edition statement 1st ed
260 ## - PUBLICATION, DISTRIBUTION, ETC.
Name of publisher, distributor, etc. Jaypee2024
Date of publication, distribution, etc. 2024
650 ## - SUBJECT ADDED ENTRY--TOPICAL TERM
Topical term or geographic name entry element Critical care
Holdings
Withdrawn status Lost status Damaged status Not for loan Home library Current library Date acquired Cost, normal purchase price Total Checkouts Full call number Barcode Date last seen Price effective from Koha item type
        Medical College, Pune Medical College, Pune 03/07/2025 1596.00   616.028 MCP-21967 25/06/2026 25/06/2026 Book